Menedžment finansirovanija Obščej seľskochozjajstvennoj politiki Jevropejskogo Sojuza

Problematika finacovania Spoločnej poľnohospodárskej politiky EÚ. Kritika Spoločnej poľnohospodárskej politiky od začiatku jej vzniku v r. 1962. Negatívny vplyv spôsobu financovania na rozpočet EÚ. Reformy Spoločnej poľnohospodárskej politiky EÚ. Dlhodobé finančné plány EÚ.

Gespeichert in:
Bibliographische Detailangaben
1. Verfasser: Harakaľová, Ľubica, 1963-
Format: Buchkapitel
Sprache:Russisch
Schlagworte:
Tags: Tag hinzufügen
Keine Tags, Fügen Sie das erste Tag hinzu!

MARC

LEADER 00000nla a2200000 4500
001 0243798
005 20240502083652.8
041 0 |a rus 
044 |a PL 
245 1 0 |a Menedžment finansirovanija Obščej seľskochozjajstvennoj politiki Jevropejskogo Sojuza  |c Ljubica Garakaľova 
520 |a Problematika finacovania Spoločnej poľnohospodárskej politiky EÚ. Kritika Spoločnej poľnohospodárskej politiky od začiatku jej vzniku v r. 1962. Negatívny vplyv spôsobu financovania na rozpočet EÚ. Reformy Spoločnej poľnohospodárskej politiky EÚ. Dlhodobé finančné plány EÚ. 
610 2 0 |a poľnohospodárstvo 
610 2 0 |a financovanie 
610 2 0 |a financie 
610 2 0 |a politika 
610 2 0 |a plán 
610 2 0 |a Európska únia 
100 1 |a Harakaľová, Ľubica, 1963-